00255nam a2200121Ia 45000030006000000080041000060400015000471000012000622450021000742600009000955460012001040050017001160STCL150530s9999 xx 000 0 und d aSTCLcSTCL aMaurier aMy cousin Rachel c1952 aEnglish20220125171057.0